[Event "World Amateur-ch U2000"]
[Site "Muscat"]
[Date "2023.11.08"]
[Round "7.13"]
[White "Celik, Berkay"]
[Black "Al Harthy, Faisel"]
[Result "1-0"]
[WhiteElo "1927"]
[BlackElo "1746"]
[PlyCount "64"]
[EventDate "2023.11.02"]
[EventType "swiss"]
[EventRounds "9"]
[EventCountry "OMN"]
[SourceTitle "CBM 217 Extra"]
[Source "ChessBase"]
[SourceDate "2024.01.31"]
[SourceVersion "1"]
[SourceVersionDate "2024.01.31"]
[SourceQuality "1"]

1. e4 d5 2. exd5 Qxd5 3. Nc3 Qd6 4. Nf3 Nf6 5. d4 a6 6. g3 Bg4 7. Bg2 Nc6 8. Bf4 Qd7 9. Ne2 0-0-0 10. c3 Bxf3 11. Bxf3 e5 12. dxe5 Qe6 13. Nd4 Nxd4 14. cxd4 g5 15. Bxg5 Bb4+ 16. Kf1 Qc4+ 17. Qe2 Qxe2+ 18. Kxe2 Nd5 19. Bxd8 Rxd8 20. Bxd5 Rxd5 21. Rhd1 Kd7 22. f4 Ke6 23. Kf3 c6 24. g4 f5 25. h3 Ba5 26. Rd3 c5 27. Rad1 c4 28. Re3 Bb4 29. gxf5+ Kxf5 30. Re4 b5 31. Rg1 Rd7 32. Rg5+ Ke6 1-0

[Event "World Amateur-ch U2000"]
[Site "Muscat"]
[Date "2023.11.06"]
[Round "5.13"]
[White "Nagy, Laszlo3"]
[Black "Al Harthy, Faisel"]
[Result "0-1"]
[WhiteElo "1926"]
[BlackElo "1746"]
[PlyCount "94"]
[EventDate "2023.11.02"]
[EventType "swiss"]
[EventRounds "9"]
[EventCountry "OMN"]
[SourceTitle "CBM 217 Extra"]
[Source "ChessBase"]
[SourceDate "2024.01.31"]
[SourceVersion "1"]
[SourceVersionDate "2024.01.31"]
[SourceQuality "1"]

1. Nf3 f5 2. d4 Nf6 3. c4 e6 4. Nc3 Bb4 5. g3 0-0 6. Bg2 c5 7. 0-0 Bxc3 8. bxc3 Ne4 9. Qd3 Qa5 10. Bb2 d6 11. Rfd1 Nd7 12. Ne1 Ndf6 13. f3 Ng5 14. Bc1 Nf7 15. e4 fxe4 16. fxe4 e5 17. h3 Qa4 18. Be3 b6 19. Nf3 Ba6 20. Bf1 cxd4 21. cxd4 Rac8 22. Nd2 exd4 23. Bxd4 Ne5 24. Bxe5 dxe5 25. Qb3 Qa5 26. c5+ Kh8 27. Bxa6 Qxa6 28. cxb6 axb6 29. Nf3 Nxe4 30. Nxe5 Ng5 31. Qd3 Qa5 32. Qd5 Rc5 33. Qd6 Qa8 34. Rf1 Rd8 35. Nd7 Nf3+ 36. Rxf3 Qxf3 37. Rf1 Qe3+ 38. Kh1 Qe4+ 39. Kg1 Rf5 40. Rd1 Qe3+ 41. Kh1 Qf3+ 42. Kg1 Qf2+ 43. Kh1 Rf3 44. Qc7 Re8 45. Rg1 Qxa2 46. Ne5 Rf2 47. Ng4 Qa8+ 0-1

[Event "Riadh Rapid op"]
[Site "Riadh"]
[Date "2023.03.17"]
[Round "3"]
[White "Al Harthy, Faisel"]
[Black "Wafa, Shahenda"]
[Result "0-1"]
[WhiteElo "1708"]
[BlackElo "2098"]
[PlyCount "62"]
[EventDate "2023.03.17"]
[EventType "swiss (rapid)"]
[EventRounds "9"]
[EventCountry "SAU"]
[SourceTitle "CBM 213 Extra"]
[Source "ChessBase"]
[SourceDate "2023.05.31"]
[SourceVersion "1"]
[SourceVersionDate "2023.05.31"]
[SourceQuality "1"]

1. e4 c5 2. Nc3 Nc6 3. f4 g6 4. Nf3 Bg7 5. Bc4 e6 6. 0-0 Nge7 7. Qe1 Nd4 8. Nxd4 cxd4 9. Nb5 0-0 10. Nd6 Qb6 11. e5 d3+ 12. Kh1 dxc2 13. Qe4 Nf5 14. Nxf5 exf5 15. Qxc2 d6 16. Qc3 dxe5 17. fxe5 Rd8 18. d3 Be6 19. b3 Rac8 20. Bb2 Bd5 21. d4 a5 22. Rfd1 a4 23. Ba3 Qa7 24. Be7 Rd7 25. Qb4 Bxc4 26. bxc4 Rxd4 27. Rab1 Bxe5 28. Qe1 Bg7 29. c5 Re4 30. Qxe4 fxe4 31. Rd5 Bf8 0-1